000 00546nam a2200205Ia 4500
005 20250511125508.0
008 240825s9999 xx 000 0 und d
020 _a9788131609057
_qhbk
041 _aeng
082 _a301.2954
_bMAR
100 _aMarriott, Mckim
245 0 _aVillage India
_c/ Marriott, Mckim
_bstudies in the little community
250 _a1st ed.
260 _bRawat Publication
_c1955
_aJaipur
300 _a 269p
_c23cm
500 _aReprint, 2017
504 _aindex
650 _aAnthropological
942 _cENGLISH
999 _c541742
_d541742